Fables and stories moralized. Being a second part of the Fables of Æsop, and other eminent mythologists, &c. By Sir Roger L'Estrange, Kt. Vol.II.

Bibliographic Details
Uniform Title:Aesop's fables.
Format: eBook
Language:English
Edition:The fourth edition.
Series:Eighteenth century collections online.
Online Access:Full text online

MARC

Tag First Indicator Second Indicator Subfields
LEADER 00000cam a2200000 4500
001 in00001907821
006 m | d |
007 cr |n||||||||n
008 791208s1730 enk|||| s 00| ||eng d
005 20260413211042.3
035 |a (CStRLIN)ESTCT85873 
040 |a Uk-ES  |c Uk-ES  |d Cu-RivES  |d CStRLIN  |d Thomson Gale  |d UtOrBLW 
130 0 |a Aesop's fables.  |l English. 
245 1 0 |a Fables and stories moralized. Being a second part of the Fables of Æsop, and other eminent mythologists, &c. By Sir Roger L'Estrange, Kt. Vol.II. 
246 3 |a Ais⁻opou mythoi 
250 |a The fourth edition. 
264 3 |a London :  |b printed for J. and J. Knapton, R. Williamson, T. Wotton, D. Brown, and T. Osborne,  |c 1730. 
300 |a 14 unnumbered pages, 266p. ;  |c 8⁰. 
336 |a text  |b txt  |2 rdacontent 
337 |a computer  |b c  |2 rdamedia 
338 |a online resource  |b cr  |2 rdacarrier 
500 |a Reproduction of original from the British Library. 
510 4 |a English Short Title Catalog,  |c ESTCT85873. 
533 |a Electronic reproduction.  |b Farmington Hills, Mich. :  |c Thomson Gale,  |d 2003.  |n Available via the World Wide Web.  |n Access limited by licensing agreements  |7 s2003 miunns 
500 |a Electronic resource. 
830 0 |a Eighteenth century collections online. 
856 4 0 |u http://proxy.library.tamu.edu/login?url=https://galenet.galegroup.com/servlet/ECCO?c=1&stp=Author&ste=11&af=BN&ae=T085873&tiPG=1&dd=0&dc=flc&docNum=CW113403025&vrsn=1.0&srchtp=a&d4=0.33&n=10&SU=0LRK&locID=txshracd2898  |z Full text online  |t 0 
999 |a MARS 
999 f f |s 261807cb-0d5c-34ed-bf1d-5dcb99ce6193  |i 7ed75b71-0535-3446-a19f-988c1d2c1abc  |t 0 
952 f f |a Texas A&M University  |b College Station  |c Electronic Resources  |s www_evans  |d Available Online  |t 0  |h No information provided 
998 f f |t 0  |l Available Online